Уран восточной окраины Западно-Сибирской плиты, или как преодолеть урановый кризис; Радиоактивность и радиоактивные элементы в среде обитания человека
| Parent link: | Радиоактивность и радиоактивные элементы в среде обитания человека.— 2016.— [С. 210-214] |
|---|---|
| Autor corporatiu: | |
| Altres autors: | , , , |
| Sumari: | Заглавие с экрана Теоретические построения [5], свидетельствующие о катагенно-осадочном, эксфильтрационном происхождении железных руд Западно-Сибирского бассейна являются дополнительным фактором принципиальной возможности глубинного происхождения не только радиоактивных металлов, но и ванадия, марганца, благородных металлов и железа. Theoretical constructions [5], which provide evidence of catagenic-aqueous, exfiltration origin of ores of Western Siberian basin, are an additional attribute of principal opportunity for deep seated origin of not only radioactive metals, but also of vanadium, manganese, noble metals and ferrum. |
| Idioma: | rus |
| Publicat: |
2016
|
| Matèries: | |
| Accés en línia: | http://earchive.tpu.ru/handle/11683/32506 |
| Format: | MixedMaterials Electrònic Capítol de llibre |
| KOHA link: | https://koha.lib.tpu.ru/cgi-bin/koha/opac-detail.pl?biblionumber=620475 |
MARC
| LEADER | 00000naa2a2200000 4500 | ||
|---|---|---|---|
| 001 | 620475 | ||
| 005 | 20241105120202.0 | ||
| 035 | |a (RuTPU)RU\TPU\conf\18961 | ||
| 035 | |a RU\TPU\conf\18960 | ||
| 090 | |a 620475 | ||
| 100 | |a 20160928d2016 k y0rusy50 ca | ||
| 101 | 0 | |a rus | |
| 102 | |a RU | ||
| 105 | |a y z 101zy | ||
| 135 | |a drgn ---uucaa | ||
| 181 | 0 | |a i | |
| 182 | 0 | |a b | |
| 200 | 1 | |a Уран восточной окраины Западно-Сибирской плиты, или как преодолеть урановый кризис |d Uranium in the eastern margin of western Siberian plate, or how to overcome crisis of uranium |f В. А. Домаренко [и др.] | |
| 203 | |a Текст |c электронный | ||
| 300 | |a Заглавие с экрана | ||
| 320 | |a [Библиогр.: с. 213-214 (6 назв.)] | ||
| 330 | |a Теоретические построения [5], свидетельствующие о катагенно-осадочном, эксфильтрационном происхождении железных руд Западно-Сибирского бассейна являются дополнительным фактором принципиальной возможности глубинного происхождения не только радиоактивных металлов, но и ванадия, марганца, благородных металлов и железа. | ||
| 330 | |a Theoretical constructions [5], which provide evidence of catagenic-aqueous, exfiltration origin of ores of Western Siberian basin, are an additional attribute of principal opportunity for deep seated origin of not only radioactive metals, but also of vanadium, manganese, noble metals and ferrum. | ||
| 463 | 0 | |0 (RuTPU)RU\TPU\conf\18922 |t Радиоактивность и радиоактивные элементы в среде обитания человека |o материалы V Международной конференции, 13-16 сентября 2016 г., г. Томск |f Национальный исследовательский Томский политехнический университет (ТПУ) [и др.] ; под ред. Л. П. Рихванова [и др.] |v [С. 210-214] |d 2016 | |
| 510 | 1 | |a Uranium in the eastern margin of western Siberian plate, or how to overcome crisis of uranium |z eng | |
| 610 | 1 | |a труды учёных ТПУ | |
| 610 | 1 | |a электронный ресурс | |
| 610 | 1 | |a Западно-Сибирская плита | |
| 610 | 1 | |a радиоактивные металлы | |
| 610 | 1 | |a железные руды | |
| 610 | 1 | |a ванадий | |
| 610 | 1 | |a марганец | |
| 701 | 1 | |a Домаренко |b В. А. |c геолог |c доцент Томского политехнического университета, кандидат геолого-минералогических наук |f 1947- |g Виктор Алексеевич |3 (RuTPU)RU\TPU\pers\26058 | |
| 701 | 1 | |a Воробьёв |b Е. А. | |
| 701 | 1 | |a Миронов |b Ю. Б. | |
| 701 | 1 | |a Перегудина |b Е. В. |c геохимик |c cтарший преподаватель Томского политехнического университета, кандидат геолого-минералогических наук |f 1975- |g Елена Владимировна |y Томск |3 (RuTPU)RU\TPU\pers\34391 |9 17846 | |
| 712 | 0 | 2 | |a Национальный исследовательский Томский политехнический университет (ТПУ) |b Институт природных ресурсов (ИПР) |b Кафедра геоэкологии и геохимии (ГЭГХ) |3 (RuTPU)RU\TPU\col\18658 |
| 801 | 2 | |a RU |b 63413507 |c 20180324 |g RCR | |
| 856 | 4 | |u http://earchive.tpu.ru/handle/11683/32506 | |
| 942 | |c BK | ||